000 04383nab a2200337 i 4500
003 BR-BrBNA
005 20250818115631.0
008 250818b2017 bl.qr|pooa||| 00| 0 por |
040 _aBR-BrBNA
_bpor
072 _aF30
_b0150
072 _aF01
100 _aJordão, Half Weinberg Corrêa
100 _aRadmann, Vairton
100 _aCampos, Milton César Costa
100 _aSilva, Douglas Marcelo Pinheiro da
100 _aRamos, Ramylle Junior Lourenço
100 _aMantovanelli, Bruno Campos
245 _aCaracterísticas agronômicas de arroz de terras altas cultivado na Amazônia Ocidental
500 _a Publicação online; 28 ref.; Summaries (En, Pt)
520 _a RESUMO: A produção de grãos no estado do Amazonas ainda é incipiente para atender a demanda local por estes alimentos. Nesse contexto, foi realizado um experimento no município de Humaitá-AM com o objetivo de avaliar o desempenho agronômico de cultivares de arroz de terras altas. O trabalho foi conduzido em área de campo natural e o delineamento experimental foi em blocos ao acaso, com 12 tratamentos (cultivares de arroz) e 4 repetições. A semeadura foi realizada manualmente em 22/11/2011 no espaçamento de 0,20 m entre linhas e densidade de 60 sementes por metro. Foram realizadas 2 adubações de cobertura, a primeira na fase de perfilhamento e a segunda na fase de diferenciação do primórdio floral. A colheita foi realizada manualmente quando os grãos apresentaram em torno de 22% de umidade. Os cultivares apresentaram redução no número de dias para atingir floração média e ciclo, o cultivar BRS Tropical apresentou menor altura, os cultivares BRS Apinajé, BRS Primavera e BRSMG Curinga obtiveram maior altura de planta. A maior produtividade e rendimento de grãos foram observados no cultivar BRSGO Serra Dourada, juntamente com os cultivares BRS Sertaneja, BRS pepita e BRS Tropical. Os cultivares BRSGO Serra Dourada, BRS Sertaneja, BRS Pepita e BRS Tropical podem ser considerados promissores para região, devido ao bom desempenho produtivo nas condições de cultivo. A análise multivariada mostrou de forma excelente as correlações existentes entre as variáveis. PALAVRAS-CHAVE: Cultivar, Oryza sativa, Campo natural, Produtividade
520 _a ABSTRACT: Grain production in the state of Amazonas is still incipient to meet local demand for these foods. In this context, an experiment was carried out in the municipality of Humaitá-AM to evaluate the agronomic performance of upland rice cultivars. The work was conducted in a natural field area and the experimental design was in randomized blocks, with 12 treatments (rice cultivars) and 4 replicates. The sowing was done manually on 11/22/2011 in the spacing of 0.20 m between rows and density of 60 seeds per meter. Two cover fertilizations were performed, the first in the tillering phase and the second in the floral primordial differentiation phase. Harvesting was performed manually when the grains presented around 22% moisture. The cultivars showed a reduction in the number of days to reach average flowering and cycle, the cultivar BRS Tropical presented lower height, the cultivars BRS Apinajé, BRS Primavera and BRSMG Curinga obtained higher plant height. The highest yield and yield of grains were observed in the cultivar BRSGO Serra Dourada, together with the cultivars BRS Sertaneja, BRS pepita and BRS Tropical. The cultivars BRSGO Serra Dourada, BRS Sertaneja, BRS Pepita and BRS Tropical can be considered promising for the region, due to the good productive performance in the growing conditions. The multivariate analysis showed excellent correlations between the variables. KEYWORDS: Grow crops, Oryza sativa, Natural field, Productivity
650 _aARROZ
650 _aCARACTERÍSTICAS AGRONÔMICAS
650 _aCOMPORTAMENTO DE VARIEDADE
650 _aPRODUTIVIDADE
650 _aAMAZÔNIA OCIDENTAL
773 0 _03551
_9345995
_dBelém-PA Faculdade de Ciências Agrárias do Pará 1999
_o2024-6644
_tRevista de Ciências Agrárias (Brazil)
_x1517-591X Impresso/Versão online ISSN 2177-8760
_gv. 60(4) p. 307-314; (2017)
_wBR2025003015
856 _uhttps://ajaes.ufra.edu.br/index.php/ajaes/article/view/2464/1467
942 _cANA
999 _c337657
_d337657